[Event "Altensteig"]
[Site "Altensteig"]
[Date "1994.??.??"]
[Round "4"]
[White "Dautov, Rustem"]
[Black "Ribli, Zoltan"]
[Result "1/2-1/2"]
[WhiteElo "2630"]
[BlackElo "2605"]
[Annotator "Dautov,Rustem"]
[PlyCount "31"]
[EventDate "1994.08.??"]
[EventType "tourn"]
[EventRounds "11"]
[EventCountry "GER"]
[EventCategory "12"]
[SourceTitle "CBM 043"]
[Source "ChessBase"]
[SourceDate "1994.12.01"]
[SourceVersion "1"]
[SourceVersionDate "1994.12.01"]
[SourceQuality "1"]

1. d4 Nf6 2. c4 e6 3. Nf3 d5 4. Bg5 dxc4 5. Qa4+ Nbd7 6. e4 Be7 7. Nbd2 (7. Nc3 O-O 8. Bxc4 Nb6 9. Qb3 Nxc4 10. Qxc4 b6 11. e5 Nd5 12. Bxe7 Qxe7 $10) 7... O-O 8. Bxc4 Nb6 (8... a6 9. Qc2 c5 10. e5 Nd5 11. Bxd5 exd5 12. Bxe7 Qxe7 13. O-O b6 14. Rfe1 Rd8 15. Rac1 Bb7 16. Nf1 Rac8 17. Qf5 $14 {Mohr-Kotronias/Budapest/1988}) (8... c5 $5 9. e5 Nd5 10. Bxe7 Qxe7 (10... Nxe7 11. dxc5 Nxc5 12. Qa3 $14) 11. Bxd5 exd5 12. O-O $13) 9. Qc2 Nxc4 (9... h6 $1 10. Bh4 $5 (10. Bxf6 Bxf6 $10) 10... g5 (10... Nxc4 11. Nxc4 $5 g5 12. Bg3 g4 13. Nfd2 Qxd4 14. Be5 Qc5 15. Qc3 $44) 11. Bg3 g4 12. Ne5 Qxd4 13. Be2 Bb4 14. O-O-O $44) 10. Nxc4 h6 (10... b6 $6 11. Nce5 Bb7 12. Nc6 Bxc6 13. Qxc6 $16) 11. Bxf6 $146 (11. Bf4 b6 12. O-O-O Bb7 13. Rhe1 Qc8 14. h3 Rd8 15. Kb1 c5 $10 {Mikhalchishin-Lukacs/Lvov/1984}) ({RR} 11. Bf4 b6 12. O-O-O Bb7 13. Rhe1 Qc8 14. h3 Rd8 15. Kb1 c5 16. Be5 cxd4 17. Rxd4 Rxd4 18. Bxd4 Qc6 19. Nfe5 Qb5 20. f3 Ne8 21. a4 Qa6 22. Qb3 Rc8 23. Rc1 Nd6 24. Nxd6 Rxc1+ 25. Kxc1 Qf1+ {Mikhalchishin,A (2480)-Lukacs,P (2470) Lvov 1984 ½-½}) 11... Bxf6 12. O-O-O b5 $6 (12... b6 13. h4 Bb7 14. g4 $40) 13. Nce5 $16 {×c6,c5} Bb7 14. Rhe1 $2 (14. Kb1 $1 Qd6 (14... Bxe5 15. Nxe5 $16) 15. Rhe1 Rac8 16. Nd3 $1 Qc6 (16... Bxd4 $4 17. Nxd4 Qxd4 18. Nc5 $18) 17. Qxc6 Bxc6 18. Nfe5 Be8 19. Rc1 $16) 14... Bxe5 $1 15. dxe5 (15. Nxe5 c5 $1 16. dxc5 $4 Qg5+ $19) 15... Qe7 16. Kb1 $10 (16. Kb1 Rac8 (16... c5 $6 17. Rd6) 17. Nd4 a6 18. Nc6 Bxc6 19. Qxc6 Qg5 20. g3 Qxe5 21. Qxa6 $10) 1/2-1/2

[Event "EU-chT 08th Final"]
[Site "Plovdiv"]
[Date "1983.??.??"]
[Round "1.1"]
[White "Portisch, Lajos"]
[Black "Ljubojevic, Ljubomir"]
[Result "1/2-1/2"]
[WhiteElo "2620"]
[BlackElo "2645"]
[PlyCount "148"]
[EventDate "1983.06.23"]
[EventType "team-tourn"]
[EventRounds "7"]
[EventCountry "BUL"]
[SourceTitle "EU-chT"]
[Source "ChessBase"]
[SourceDate "1999.07.01"]
[SourceVersion "2"]
[SourceVersionDate "1999.07.01"]
[SourceQuality "1"]
[WhiteTeam "Hungary"]
[BlackTeam "Yugoslavia"]
[WhiteTeamCountry "HUN"]
[BlackTeamCountry "YUG"]

1. d4 {Dautov,Rustem} Nf6 2. c4 e6 3. Nf3 d5 4. Bg5 c6 5. Nbd2 h6 ({RR} 5... Be7 6. e3 O-O ({RR} 6... Ne4 7. Bxe7 Qxe7 8. Bd3 f5 9. Ne5 O-O 10. O-O c5 ({RR} 10... Nd7 11. Ndf3 Ng5 12. Nxg5 Qxg5 13. f4 Qe7 14. Nf3) 11. Nb3 cxd4 12. exd4 dxc4 13. Bxc4 Nd7 14. Rc1 Nd6 15. Re1) ({RR} 6... Nbd7 7. a3 O-O ({RR} 7... Nh5 8. Bxe7 Qxe7 9. Bd3 Nhf6 10. Qc2 O-O 11. O-O g6 12. Rfe1 e5 13. cxd5 Nxd5 14. Bc4) 8. Qc2 h6 9. Bh4 Nh5 10. Bxe7 ({RR} 10. Bg3 Nxg3 11. hxg3 Bf6 12. cxd5 cxd5 13. Be2 e5 14. dxe5 Nxe5 15. Nxe5 Bxe5 16. Nf3 Bf6 17. Rd1 Qb6) 10... Qxe7 11. Bd3) 7. Bd3 ({RR} 7. Rc1 b6 8. Bd3 Bb7 9. cxd5 cxd5 10. O-O Ne4 11. Bxe7 Qxe7 12. Qc2) 7... h6 ({RR} 7... b6 8. O-O Bb7 9. cxd5 cxd5 10. Ne5 Nfd7 11. Bxe7 ({RR} 11. Qh5 g6 12. Nxg6 fxg6 13. Bxg6 hxg6 14. Qxg6+ Kh8 15. Qh6+ Kg8 16. Qg6+ Kh8) 11... Qxe7 12. f4) ({RR} 7... Nbd7 8. Qc2 ({RR} 8. O-O b6 9. cxd5 cxd5 ({RR} 9... exd5 10. Qc2 Bb7 11. Ne5) 10. Rc1 Bb7 11. Qa4 a6 12. Qb3 Bd6 13. Rc3 h6 14. Bh4 Qb8 15. Bxf6 gxf6 16. Rfc1) 8... h6 9. h4 ({RR} 9. Bh4 dxc4 10. Bxc4 ({RR} 10. Nxc4) 10... a6 11. O-O b5 12. Be2 Bb7 13. Nb3 Rc8 14. Nc5 Nxc5 15. dxc5 Nd7 16. Bxe7 Qxe7 17. b4) 9... c5 10. O-O-O b5 11. cxd5 c4 12. d6 cxd3 13. Qc6 hxg5 14. dxe7 Qxe7 15. hxg5) 8. Bh4 b6 ({RR} 8... c5 9. O-O ({RR} 9. dxc5 Na6 10. Nb3 Nxc5 11. Nxc5 Bxc5 12. O-O dxc4 13. Bxc4 Qe7 14. Ne5 ({RR} 14. Qc2 b6 15. Rad1 Bb7 16. Ne5 g5 17. Bg3 Rfd8) 14... Rd8) 9... cxd4 10. exd4 Nc6 11. Rc1 b6 12. a3 ({RR} 12. Bb1 Bb7 13. Re1 Rc8 14. a3 dxc4 15. Nxc4 Na5 16. Qd3 Re8 17. Bxf6 Bxf6 18. Nce5 Kf8)) 9. O-O Bb7 10. Rc1 Nbd7 11. cxd5 exd5 ({RR} 11... cxd5 12. Qa4 a6 13. Qb3 ({RR} 13. Bg3 b5 14. Qc2)) 12. Bf5 Re8 ({RR} 12... c5 13. Qa4) 13. Qb3 ({RR} 13. Qa4 c5 14. Rfd1 ({RR} 14. Ne5 Nxe5 15. dxe5 Nh7 16. Bxe7 Qxe7 17. f4) 14... a6 15. dxc5 bxc5 16. Nb3) 13... a5 14. Ne5 a4 ({RR} 14... Nxe5 15. dxe5 Nd7 16. e6 ({RR} 16. Bxe7 Qxe7 17. f4 a4) 16... fxe6 ({RR} 16... Bxh4 17. exd7 Re5 18. Bh3) 17. Bxe6+ Kh8 18. Bxe7 Rxe7 19. Bf5 Nc5) 15. Qc2 Nxe5 16. dxe5 Nd7 17. Bxe7 ({RR} 17. e6 fxe6 18. Bxe6+ Kh8 19. Bxd7 ({RR} 19. Bxe7 Qxe7 20. Bf5 Nc5) 19... Qxd7 20. Bxe7 Qxe7 21. Nf3 c5) 17... Qxe7 18. f4 c5 ({RR} 18... Nc5 19. e4 ({RR} 19. Nf3 Bc8 ({RR} 19... f6 20. Bg6 Red8 21. Nh4) 20. Nd4 Bxf5 21. Nxf5 Qd7 22. Rfd1 Red8 23. Nd6) 19... Rad8) ({RR} 18... f6 19. e4 ({RR} 19. Bxd7 Qxd7 20. exf6 Rxe3 21. fxg7 Qxg7) ({RR} 19. Nf3 fxe5 20. Bxd7 Qxd7 21. Nxe5 Qe6 22. Rf3 c5 23. Rg3) 19... fxe5 20. exd5 cxd5 21. Qc7 Nf8 22. fxe5 Ba6) 19. e4 g6 ({RR} 19... d4 20. Nc4 Ba6 21. Bxd7 Bxc4 22. Bxe8 Bxf1 23. Bc6 ({RR} 23. Bxf7+ Qxf7 24. Rxf1 Qxa2 25. f5 a3 26. f6 axb2 27. Qd3 Qf7) 23... Rc8 24. Rxf1 ({RR} 24. Qxa4 Be2 25. Bd5) 24... Rxc6 25. Qxa4) ({RR} 19... Nf8 20. exd5 Bxd5 21. Be4 Bxe4 22. Qxe4 ({RR} 22. Nxe4 Ne6 23. Nd6 Red8 24. Qc4 Nd4 25. Rce1 Qe6) 22... Rad8 23. Nf3 b5 24. f5) ({RR} 19... dxe4 20. Nxe4) 20. Bh3 {Dautov,R (2631)-Smagin,S (2613) Essen 2001 CBM 083 [Dautov,Rustem] 1-0 (44)} {RR} a3 21. bxa3 d4 ({RR} 21... Rxa3 22. exd5 Bxd5 23. Nc4) 22. Nc4 Ba6 23. Bxd7 Bxc4 24. Bxe8 Bxf1 25. Bxf7+ Qxf7 26. Rxf1 Rxa3 27. Qb2) ({RR} 5... Nbd7) 6. Bxf6 Qxf6 7. e3 ({RR} 7. g3) ({RR} 7. g3 Nd7 8. Bg2 Qd8 9. O-O Nf6 10. Qc2 Be7 11. e4 O-O 12. Rad1 b6 13. Rfe1 Bb7 14. a3 a5 15. Ne5 Rc8 16. c5 bxc5 17. dxc5 a4 18. Bh3 Qc7 19. exd5 cxd5 20. c6 Bd6 21. Qxa4 Bxc6 {Khruschiov,A (2274)-Akhmedov,D (2361) Moscow RUS 2024 0-1 (35)}) 7... c5 $146 ({RR} 7... Nd7 8. Bd3 Qd8 9. O-O Bd6 10. e4 dxe4 11. Nxe4 Bc7 12. Qe2 O-O 13. Rad1 e5 14. dxe5 Nxe5 15. Nxe5 Bxe5 16. Ng3 Qc7 17. Rfe1 Bxg3 18. hxg3 Bd7 19. Qe4 f5 20. Qd4 Be8 21. Qh4 Rf6 22. c5 {Kolomiyets,A (2126)-Pavlov,S (2300) Kiev 2003 ½-½}) ({RR} 7... Nd7 8. Bd3) ({RR} 7... Qd8 8. Bd3 Be7 9. O-O Nd7 10. Qe2 O-O 11. cxd5 exd5 12. Rfe1 Nf6 13. e4 dxe4 14. Nxe4 Bb4 15. Nxf6+ Qxf6 16. Qe4 g6 17. Re3 Kg7 18. Ne5 Bf5 19. Qf4 Bxd3 20. Qxf6+ Kxf6 21. Nxd3 Bd6 22. Nc5 {Mallassagne,F (2125)-Crut,A (2370) Saint Affrique 2003 1-0 (46)}) 8. cxd5 exd5 9. Bb5+ Nc6 10. O-O a6 11. Bxc6+ bxc6 12. Qa4 Rb8 13. dxc5 Bxc5 14. Rfc1 Rb5 15. Nb3 Qxb2 16. Nfd4 Bxd4 17. Nxd4 Rc5 18. Rcb1 Qc3 19. Qd1 Qa3 20. Rb6 Qc3 21. Nb3 Rc4 22. Rc1 Qb2 23. Rxc6 O-O 24. Rc2 Qa3 25. Qc1 Rxc6 26. Qxa3 Rxc2 27. h3 Rc6 28. Nd4 Rb6 29. Qa5 Rb1+ 30. Kh2 Rb2 31. Kg3 h5 32. h4 Re8 33. a3 g6 34. Qc3 Rb7 35. Qc6 Rd7 36. Kh2 Red8 37. a4 Re8 38. a5 Kg7 39. Nf3 Rde7 40. Nd4 Bb7 41. Qb6 Bc8 42. Kg1 Bb7 43. Ne2 Rd7 44. Qd4+ Kg8 45. Qf6 Re4 46. Nd4 Rde7 47. Kf1 Re8 48. g4 Rxg4 49. f3 Rxd4 50. Qxd4 Bc6 51. Kf2 Re6 52. Qb6 Be8 53. Qd8 Kg7 54. Qxd5 Bc6 55. Qd4+ Kg8 56. e4 Kh7 57. Qa7 Be8 58. Ke3 Kg8 59. Qb8 Kg7 60. Kd4 Bb5 61. Qg3 Kg8 62. Qg5 Kg7 63. f4 Bc6 64. e5 Kh7 65. f5 gxf5 66. Qxh5+ Kg7 67. Qxf5 Bb5 68. Qg5+ Rg6 69. Qd8 Re6 70. Ke4 Rh6 71. Kf4 Re6 72. Qd4 Kh7 73. h5 Rh6 74. Kg5 Re6 1/2-1/2

[Event "Comet Open Titled Losers"]
[Site "chess.com INT"]
[Date "2025.10.19"]
[Round "6.1"]
[White "Lazavik, Denis"]
[Black "Nihal, Sarin"]
[Result "1/2-1/2"]
[WhiteElo "2605"]
[BlackElo "2700"]
[PlyCount "138"]
[EventDate "2025.10.18"]
[EventType "k.o."]

1. d4 d5 2. c4 e6 3. Nf3 Nf6 4. g3 Bd6 5. Bg2 Nc6 6. O-O O-O 7. a3 ({RR} 7. b3 dxc4 8. bxc4 e5 9. c5 Be7 10. dxe5 Qxd1 11. Rxd1 Ne4 12. Ba3 Bxc5 13. e3 Be6 14. Rc1 Rfd8 15. Ne1 Bxa3 16. Nxa3 Ng5 17. Nb5 Nh3+ 18. Bxh3 Bxh3 19. Nxc7 Rac8 20. Nb5 Nxe5 21. Rxc8 Rxc8 {Giri,A (2748)-Firouzja,A (2766) Zagreb 2025 0-1 (41)}) 7... h6 $146 ({RR} 7... Rb8 8. Qc2 Na5 9. c5 Be7 10. Bf4 {½-½ (10) Macka,O (2047)-Kolcak,M (2104) Slovakia 2022}) ({RR} 7... dxc4 8. Nbd2 Na5 9. Qa4 c5 10. Nxc4 Nxc4 11. Qxc4 cxd4 12. Qxd4 Qe7 13. Bf4 Bxf4 14. Qxf4 Bd7 15. Ne5 Bb5 16. Rfe1 Nd5 17. Bxd5 exd5 18. Nf3 Rac8 19. Nd4 Bd7 20. Rac1 Rc4 21. Rxc4 dxc4 22. Qc7 {Dubov,D (2708)-Bluebaum,M (2663) chess.com INT 2023 ½-½ (32)}) ({RR} 7... a5 8. Qc2 a4 9. Bg5 Bd7 10. Nbd2 h6 11. Bxf6 Qxf6 12. e3 Na5 13. c5 Be7 14. Ne5 Bb5 15. Rfe1 g5 16. Bf1 Be8 17. e4 dxe4 18. Nxe4 Qg7 19. Rad1 Nb3 20. Nc3 Rd8 21. d5 Bxc5 22. dxe6 {Iskusnyh,S (2440)-Bluebaum,M (2660) chess.com INT 2025 0-1 (42)}) ({RR} 7... dxc4 8. Nbd2 e5 9. dxe5 Nxe5 10. Nxe5 Bxe5 11. Nxc4 Qe7 12. Qc2 c6 13. Nxe5 Qxe5 14. Bf4 Qh5 15. h4 Bf5 16. e4 Bg6 17. f3 Qb5 18. Qf2 Rfd8 19. Rfd1 Qb3 20. Rd2 Rxd2 21. Qxd2 Nh5 22. Bc7 {Lazavik,D (2577)-Holinka,H (2292) chess.com INT 2025 1-0 (45)}) ({RR} 7... a5 8. Qc2 a4 9. cxd5 exd5 10. Nc3 Bd7 11. Bg5 Ra5 12. Rfd1 h6 13. Bxf6 Qxf6 14. Nxa4 Re8 15. Nc3 Ne7 16. b4 Raa8 17. e4 dxe4 18. Nxe4 Qg6 19. Ne5 Bxe5 20. dxe5 Ba4 21. Qxc7 Bxd1 22. Rxd1 {Lazavik,D (2578)-Bluebaum,M (2654) chess.com INT 2024 1-0 (67)}) ({RR} 7... a5 8. Qc2 h6 9. Rd1 Re8 10. Nc3 Bd7 11. b3 a4 12. bxa4 dxc4 13. Nb5 Na5 14. Nd2 Nd5 15. Nxc4 Nxc4 16. Qxc4 Nb6 17. Qb3 Bc6 18. Bxc6 bxc6 19. Nc3 Ra6 20. Ne4 Qe7 21. Nxd6 Qxd6 22. Bf4 {Diaz Camallonga,C (2481)-Ikonnikov,V (2459) Germany GER 2024 ½-½ (89)}) ({RR} 7... a5 8. Qc2 h6 9. Rd1 Re8 10. Nc3 Bd7 11. b3 a4 12. bxa4 dxc4 13. Nb5 Na5 14. Nd2 Nd5 15. Nxc4 Nxc4 16. Qxc4 Nb6 17. Qb3 Bc6 18. Bxc6 bxc6 19. Nc3 Ra6 20. Ne4 Qe7 21. Nxd6 Qxd6 22. Bf4 {Diaz Camallonga,C (2481)-Ikonnikov,V (2459) Germany GER 2024 ½-½ (89)}) ({RR} 7... dxc4 8. Bg5 Rb8 9. Nc3 Be7 10. e3 a6 11. Qe2 b5 12. Rfd1 h6 13. Bxf6 Bxf6 14. Ne4 Be7 15. Rac1 Bb7 16. h4 Na5 17. Ne5 Nb3 18. Rc2 Qe8 19. h5 c5 20. dxc5 Nxc5 21. Nxc5 Bxc5 22. Nd7 {Vo Hoang Quan (2063)-Grot,B (2277) chess.com INT 2026 ½-½ (53)}) ({RR} 7... dxc4 8. Nbd2 e5 9. dxe5 Nxe5 10. Nxe5 Bxe5 11. Nxc4 Qe7 12. Qc2 c6 13. Nxe5 Qxe5 14. Bf4 Qh5 15. h4 Bf5 16. e4 Bg6 17. f3 Qb5 18. Qf2 Rfd8 19. Rfd1 Qb3 20. Rd2 Rxd2 21. Qxd2 Nh5 22. Bc7 {Lazavik,D (2577)-Holinka,H (2292) chess.com INT 2025 1-0 (45)}) ({RR} 7... a5 8. Qc2 h6 9. Rd1 Re8 10. Nc3 Bd7 11. b3 a4 12. bxa4 dxc4 13. Nb5 Na5 14. Nd2 Nd5 15. Nxc4 Nxc4 16. Qxc4 Nb6 17. Qb3 Bc6 18. Bxc6 bxc6 19. Nc3 Ra6 20. Ne4 Qe7 21. Nxd6 Qxd6 22. Bf4 {Diaz Camallonga,C (2481)-Ikonnikov,V (2459) Germany GER 2024 ½-½ (89)}) 8. Qc2 dxc4 9. Nbd2 Na5 10. Nxc4 Nxc4 11. Qxc4 Qe7 12. Rd1 Rd8 13. b4 c6 14. Bb2 a5 15. b5 cxb5 16. Qxb5 Bd7 17. Qb3 Bc6 18. a4 Bd5 19. Qd3 Rdc8 20. Nd2 Bb4 21. Bxd5 exd5 22. Nf3 Ne4 23. Rac1 Nd6 24. Ne5 Qe8 25. Qb3 Nc4 26. Ba1 b5 27. axb5 Qxb5 28. Nd3 Rab8 29. Nf4 Nb6 30. e4 a4 31. Qb1 dxe4 32. d5 Rxc1 33. Qxc1 Bd6 34. Nh5 Bf8 35. Be5 Rd8 36. Qa1 Rxd5 37. Rb1 Rxe5 38. Rxb5 Rxb5 39. Nf4 a3 40. Ne2 Rb2 41. Nc3 e3 42. fxe3 Nc4 43. Qd1 a2 44. Qa1 Bc5 45. Nxa2 Bxe3+ 46. Kh1 Rc2 47. Qb1 Rd2 48. Qb3 Nd6 49. Qxe3 Rxa2 50. Qd3 Ra1+ 51. Kg2 Ne8 52. Qd8 Kf8 53. h4 Ra2+ 54. Kh3 Re2 55. Qb8 Re6 56. Qb4+ Kg8 57. Qb8 h5 58. Qb5 g6 59. Qb3 Kg7 60. Qb2+ Nf6 61. Qa1 Re4 62. Kg2 Re6 63. Kf3 Re4 64. Qb2 Rg4 65. Qa1 Re4 66. Kg2 Rg4 67. Kh3 Re4 68. Qb2 Rg4 69. Qa1 Re4 1/2-1/2

[Event "Moscow Chess for TV"]
[Site "Moscow"]
[Date "2019.06.13"]
[Round "2.2"]
[White "Radjabov, Teimour"]
[Black "Kramnik, Vladimir"]
[Result "1/2-1/2"]
[WhiteElo "2759"]
[BlackElo "2753"]
[PlyCount "118"]
[EventDate "2019.06.10"]
[EventType "k.o."]
[EventRounds "6"]
[EventCountry "RUS"]
[SourceTitle "CBM 190 Extra"]
[Source "ChessBase"]
[SourceDate "2019.07.15"]
[SourceVersion "1"]
[SourceVersionDate "2019.07.15"]
[SourceQuality "1"]

1. d4 {Krasenkow,Michal} Nf6 2. c4 e6 3. Nf3 d5 4. Bg5 dxc4 5. Qa4+ Nbd7 6. Bxf6 ({RR} 6. Nc3 a6 7. g3 ({RR} 7. e4 b5 ({RR} 7... Rb8 8. Qxc4 ({RR} 8. Bxf6 Qxf6 9. Qxc4 c5 10. e5 Qf4 11. d5 Qxc4 12. Bxc4 Nb6 13. Nd2 Nxc4 14. Nxc4 b5 15. Ne3 Be7 16. d6 Bd8) 8... b5 9. Qd3 Bb7 10. e5 h6 11. Bh4 g5 12. Nxg5 hxg5 13. Bxg5 Rg8 14. h4 b4 15. Na4 Rxg5 16. hxg5 Ne4) ({RR} 7... Be7 8. Bxc4 ({RR} 8. Bxf6 Bxf6 9. e5 Be7 10. Bxc4 O-O 11. Qc2 c5 12. d5 Nb6 13. d6 Nxc4 14. dxe7 Qxe7 15. Ne4 b5 16. Nfg5 f5 17. exf6 gxf6 18. Nf3 Bb7) 8... O-O ({RR} 8... Rb8 9. Qc2 b5 10. Bd3 Bb7 11. Rd1 c5 12. dxc5 Qa5 13. O-O Nxc5) 9. Qc2 c5 ({RR} 9... h6 10. Bxf6 Nxf6 11. e5 Nd5 12. Qe4 Bb4 13. Rc1 c5 14. O-O Bxc3 15. bxc3 cxd4 16. cxd4 Bd7 17. Bd3 g6 18. Qg4 Kg7) 10. dxc5 Qc7 11. b4 b6 12. O-O Bb7 13. Rfe1 Ne5 14. Nxe5 Qxe5 15. Be3 bxc5 16. b5 axb5) ({RR} 7... h6 8. Bxf6 gxf6 9. Bxc4 Rb8 10. Be2 b5 11. Qc2 c5 12. d5 Bd6 13. O-O Qc7 14. a4 b4 15. dxe6 fxe6 16. Nb1 Ne5 17. Nbd2 O-O 18. Kh1 Bb7 19. Nc4 Nxf3 20. Bxf3 Be5 21. Bg4) 8. Nxb5 axb5 ({RR} 8... Rb8 9. Nc3 Rxb2 10. Ne5 Bb7 ({RR} 10... h6 11. Bc1 ({RR} 11. Nc6 Nb6 12. Nxd8+ Nxa4 13. Nxa4 Rb4) 11... Rb4 12. Qc2 c5) ({RR} 10... c5 11. d5 Rb4 12. Qc6 Rb6) 11. Nxc4 Rb4 12. Qc2 Ba8 13. e5 h6 14. Bd2 Nd5 15. Nxd5 Bxd5 16. Nd6+ Bxd6 17. exd6 Rb7 18. Ba5 Qa8 19. dxc7 O-O 20. h4 Rc8 21. Rh3 Qa7 22. Rc1 Qxd4 23. Qc3) 9. Qxa8 Bb4+ 10. Kd1 Nb6 11. Qa7 ({RR} 11. Qc6+ Bd7 12. Qb7 Bc8) 11... e5 12. Kc2 exd4 13. Rd1 d3+ 14. Bxd3 cxd3+ 15. Rxd3 Qe7 16. a3 O-O 17. axb4 Qxe4) ({RR} 7. Qxc4 b5 ({RR} 7... c5) 8. Qb3 ({RR} 8. Qc6 Ra7 9. Ne5 Be7 10. Bxf6 Bxf6 11. Nxd7 Bxd7 12. Qc5 Qa8 13. e3 Be7 14. Qh5 b4 15. Ne2 O-O) 8... c5 9. e3 ({RR} 9. dxc5 Nxc5 10. Qd1 Bb7 11. Qxd8+ Rxd8 12. Rc1 h6 13. Be3 Nce4 14. Nd2 Nxc3 15. bxc3 Ba3) 9... Bb7 10. Be2 cxd4 11. exd4 Be7 12. O-O O-O 13. Ne5 Nb6 14. Rfd1 Nfd5 15. Bxe7 Qxe7 16. Bf3 Nxc3 17. Qxc3 Rac8 18. Qd3 Bxf3 19. Nxf3 h6) ({RR} 7. e3 Rb8 8. Bxf6 gxf6 9. Qxc4 b5 10. Qd3 Bb7 11. Rd1 c5 12. d5 c4 13. Qc2 Bb4 14. dxe6 fxe6 15. Be2 Qa5) 7... b5 ({RR} 7... c5 8. Bg2) 8. Nxb5 Rb8 9. Na7 ({RR} 9. Na3 Rxb2 ({RR} 9... Bb4+ 10. Bd2 Bxd2+ 11. Nxd2 Bb7 12. f3 O-O 13. Naxc4 Nb6 14. Nxb6 cxb6 15. e4) 10. Nxc4 Rb4 11. Qc2 Bb7 12. Bg2 Be7 13. O-O Be4 14. Qc1 O-O 15. Bd2 Rb7) 9... Rb4 10. Bxf6 gxf6 11. Qa5 Bb7 12. Bh3 Qb8 ({RR} 12... Qa8 13. Qh5 Ke7 14. d5 Bxd5) 13. Qh5 Ke7 ({RR} 13... Rb6) 14. d5 Qxa7 ({RR} 14... Bxd5 15. Qxd5 exd5 16. Nc6+ Kd6 17. Nxb8 Rxb8) 15. dxe6 fxe6 16. Bxe6 Kxe6 17. Qe8+ Be7 18. Qxh8 Nf8 19. Qg8+ Kd7 20. O-O-O+ ({RR} 20. Qg4+ Ke8 21. Qh5+ Ng6 22. Qxh7) ({RR} 20. Rd1+ Ke8 21. Nd4 Bc8) 20... Ke8 {Wang,Y (2739)-Ivanchuk,V (2779) Wijk aan Zee 2009 CBM 129 [Krasenkow,Michal] 0-1} {RR} 21. Nd4 c3) 6... gxf6 7. Nc3 a6 8. e3 $146 ({RR} 8. Qxc4 b5 9. Qd3 Bb7 10. g3 c5 11. Bg2 Bg7 12. O-O cxd4 13. Qxd4 O-O 14. Rfd1 Nb6 15. Qc5 Rc8 16. Rxd8 Rxc5 17. Rxf8+ Kxf8 18. Ne1 Bxg2 19. Kxg2 f5 20. Nd3 Rc8 21. Nd1 Rc2 22. Kf1 Nc4 {Al Zendani,Z (2398)-Moradiabadi,E (2575) Guangzhou 2010 0-1 (43)}) ({RR} 8. O-O-O Rb8 9. Qxc4 b5 10. Qd3 Bh6+ 11. e3 Bb7 12. d5 Qe7 13. dxe6 fxe6 14. Qd4 Bg7 15. Qh4 f5 16. Qxe7+ Kxe7) ({RR} 8. e4 b5 9. Qc2 Bb7 10. Rd1 Rg8 11. g3 f5 12. d5 Qe7 13. dxe6 fxe6 14. Bg2 O-O-O 15. O-O f4 16. a4 b4 17. Ne2 fxg3 18. hxg3 Qc5 19. Rd4 Nb6 20. a5 Qxa5 21. Rxd8+ Kxd8 22. Nf4 Bd6 {Wirig,A (2414)-Laignel,Q (2227) Cappelle la Grande FRA 2026 1-0 (46)}) 8... b5 9. Nxb5 axb5 10. Qxa8 Bb4+ 11. Kd1 Nb6 12. Qe4 O-O 13. h4 Nd5 14. Rh3 f5 15. Qc2 Bd6 16. Be2 Kh8 17. Ke1 Bb7 18. Kf1 Rg8 19. a4 c6 20. b3 c3 21. axb5 cxb5 22. Bxb5 Qf8 23. Ra7 Qb8 24. Ra4 Nb4 25. Qe2 c2 26. Ra1 Be4 27. Ng5 Qc7 28. Bc4 Bd5 29. Rc1 f6 30. Nf3 Rc8 31. Ne1 Bxc4 32. bxc4 Qxc4 33. Qxc4 Rxc4 34. Ke2 Bc7 35. h5 Kg7 36. Rh1 e5 37. Nxc2 Na2 38. dxe5 Nxc1+ 39. Rxc1 fxe5 40. Kd1 Kh6 41. Ne1 Rxc1+ 42. Kxc1 e4 43. Kd2 Ba5+ 44. Ke2 Kxh5 45. Nc2 Kg5 46. Nd4 Bb6 47. Ne6+ Kf6 48. Nf4 Ba5 49. g3 Ke5 50. Kf1 Bb4 51. Kg2 Be1 52. Ne2 Kf6 53. Nd4 Kg6 54. Ne6 Kf6 55. Nf4 Kg5 56. Kf1 Ba5 57. Ke2 Kg4 58. Nd5 Bd8 59. Nf4 Bg5 1/2-1/2

[Event "Biel GM"]
[Site "Biel"]
[Date "2007.07.29"]
[Round "6"]
[White "Grischuk, Alexander"]
[Black "Carlsen, Magnus"]
[Result "1/2-1/2"]
[WhiteElo "2726"]
[BlackElo "2710"]
[PlyCount "110"]
[EventDate "2007.07.23"]
[EventType "tourn"]
[EventRounds "9"]
[EventCountry "SUI"]
[EventCategory "18"]
[SourceTitle "CBM 120"]
[Source "ChessBase"]
[SourceDate "2007.10.02"]
[SourceVersion "1"]
[SourceVersionDate "2007.10.02"]
[SourceQuality "1"]

1. d4 {Illingworth,Max} Nf6 2. c4 e6 3. Nf3 c5 4. e3 d5 ({RR} 4... cxd4 5. exd4 d5 6. Nc3 ({RR} 6. a3 Be7 7. Nc3 O-O 8. c5 Ne4 9. Qc2 f5 10. b4 Bf6 11. Bd3 Nc6)) ({RR} 4... a6 5. a3 ({RR} 5. Nc3 d5) 5... d5 ({RR} 5... b6 6. d5 exd5 7. cxd5 b5 8. Nc3 d6 9. e4 g6 10. h3 Bg7 11. Bd3 O-O 12. O-O) 6. dxc5 Bxc5 7. b4 Be7 8. Bb2 O-O 9. Nbd2) 5. cxd5 ({RR} 5. Nc3 Nc6 6. a3 a6 7. dxc5 Bxc5 8. b4 Ba7 9. Bb2 O-O 10. Qc2 Qe7 11. Rd1 Rd8 12. Be2 d4 13. exd4 Nxd4 14. Nxd4 Bxd4 15. O-O e5 16. Na4) 5... exd5 6. Bb5+ Bd7 ({RR} 6... Nbd7 7. Nc3 a6 8. Be2 Be7 9. O-O O-O 10. b3 b5 11. dxc5 Nxc5 12. Bb2 Bb7) ({RR} 6... Nc6 7. O-O Bd6 8. dxc5 Bxc5 9. b3 O-O 10. Bb2 Bg4 11. Bxc6 ({RR} 11. h3 Bh5) 11... bxc6 12. Nbd2 Rc8 13. Qc2 Nd7 14. Ne5 Nxe5 15. Qxc5 Nd3 16. Qd4 Nxb2 17. Qxg4 c5) 7. Bxd7+ Nbxd7 8. dxc5 Nxc5 ({RR} 8... Bxc5 9. O-O O-O 10. Nc3 Nb6 11. b3) 9. O-O Be7 ({RR} 9... Bd6 10. Bd2 ({RR} 10. b3 O-O 11. Bb2) 10... O-O 11. Bc3 Nfe4 12. Bd4 Rc8 13. Nc3 Ne6) 10. Nc3 ({RR} 10. Bd2 O-O 11. Bc3 ({RR} 11. Bb4 Nce4 12. Bxe7 Qxe7) 11... Nfe4 12. Bd4 Ne6 ({RR} 12... Rc8 13. Nc3 Nxc3 14. Bxc3 Ne4) 13. Nc3 Nxd4 14. Nxd4 Nxc3 15. bxc3 Qd7 16. Qb3 Rac8 17. Rfd1 Rc5 18. Rd3) 10... O-O 11. b3 Nce4 ({RR} 11... Qa5 12. Nxd5 Nxd5 13. Qxd5 Rfd8 14. Qc4 b5 15. Qc2 Rac8 16. Qb1) ({RR} 11... Rc8 12. Bb2 Re8 13. Ne2 Qa5 14. a3 Qb5 15. Nfd4 Qd7 16. Rc1 Bd6 17. Nf4 Bxf4 ({RR} 17... Be5) 18. exf4) 12. Ne2 ({RR} 12. Bb2 Qa5 ({RR} 12... Rc8)) 12... Rc8 ({RR} 12... Qa5 13. Bb2 Ba3 ({RR} 13... Rfe8 14. Nfd4 Bd6 15. f3 Nc5 16. Nf5 Be5 17. Ned4) ({RR} 13... Rac8 14. Nfd4 Ba3 15. Bxa3 Qxa3 16. f3 Ng5 17. Qd2 Ne6 18. Rac1 Nxd4 19. Nxd4 a6 20. Rc3 Rxc3 21. Qxc3) 14. Bxa3 Qxa3 15. Qc1 ({RR} 15. Nf4 Nc3 16. Qd2 Rfc8 17. Nd4) 15... Qa6 ({RR} 15... Qxc1 16. Raxc1 Rac8 17. Nfd4) ({RR} 15... Qd6 16. Qb2 Rac8 17. h3 ({RR} 17. Nf4) 17... Rc5 18. Rac1 Rfc8 19. Nfd4 Qd7 ({RR} 19... g6) 20. Rxc5 Rxc5 21. Rc1 Qc8 22. Rxc5 Qxc5 23. f3 Nd6 24. Kf2) 16. Qb2 Rac8 17. Nfd4 Rc7 ({RR} 17... Nc5 18. Rad1 g6 ({RR} 18... Nd3 19. Qd2) 19. Nf4) 18. Rac1 ({RR} 18. f3 Nc5 19. Qd2) ({RR} 18. a4) 18... Rfc8 ({RR} 18... Nc5 19. Qa1 Rfc8 20. h3 Nd3 21. Rxc7 Rxc7 22. Rd1) 19. a4 ({RR} 19. Rxc7 Rxc7 20. Rc1 Qb6 21. Rxc7 Qxc7 22. f3 Nd6 23. Nf4) 19... Qb6 20. Nb5 ({RR} 20. Rxc7 Rxc7 21. Rc1 Ng4) 20... Rxc1 21. Rxc1 Rxc1+ 22. Qxc1 g6 23. f3 Nc5 24. Qc3 a6 25. Nbd4 Qd6 ({RR} 25... Qc7 26. Nf5 gxf5 27. Qxf6 Qa5) 26. h4 ({RR} 26. Nf4) 26... b6 27. g3 {Aronian,L (2780)-Caruana,F (2805) Stavanger 2015 CBM 167 [Illingworth,Max] 1-0 (60)} ({RR} 27. Nf4 a5 28. g4)) ({RR} 12... Qa5 13. Bb2 Rfe8 14. h3 Bf8 15. Nfd4 Rac8 16. a3 Qa6 17. Nf4 g6 18. Qd3 Qxd3 19. Nxd3 Bg7 20. Rac1 Nd7 21. Nf4 Nb6 22. Rfd1 Nc5 23. Rb1 Ne4 24. Rbc1 Nc5 25. Rb1 Ne4 26. Kf1 a5 27. a4 {Chen,J (2380)-Tsay,V (2305) Washington DC USA 2026 ½-½ (76)}) 13. Bb2 Qd7 ({RR} 13... Re8 14. Rc1 Qa5 15. a4 Bb4 16. h3) 14. Ne5 $146 ({RR} 14. h3 b5 15. Ne5 Qb7 16. f3 Nc5 17. Nd3 Rfe8 18. Nd4 Nfd7 19. Nf5 Bf8 20. Nf4 Nb6 21. Nh5 Ne6 22. f4 Kh8 23. Rf3 f6 24. Rg3 Qf7 25. Nh6 gxh6 26. Bxf6+ Bg7 27. Bxg7+ Nxg7 28. Rxg7 Qe6 {Ashwath Kaushik (2264)-Kovalskyi,R (2180) Hajduszoboszlo HUN 2025 1-0 (32)}) ({RR} 14. h3 b5 15. Ne5 Qb7 16. f3 Nc5 17. Nd3 Rfe8 18. Nd4 Nfd7 19. Nf5 Bf8 20. Nf4 Nb6 21. Nh5 Ne6 22. f4 Kh8 23. Rf3 f6 24. Rg3 Qf7 25. Nh6 gxh6 26. Bxf6+ Bg7 27. Bxg7+ Nxg7 28. Rxg7 Qe6 {Kaushik,A (2264)-Kovalskyi,R (2206) Hajduszoboszlo 2025 1-0 (32)}) 14... Qd6 15. f3 Nc5 16. Qd2 Ne6 17. Rfd1 Rfd8 18. Nd3 Ne8 19. Ndf4 Nxf4 20. Nxf4 Bf6 21. Rac1 Rxc1 22. Qxc1 Bxb2 23. Qxb2 Nf6 24. Rd4 Qc5 25. Qd2 h6 26. h3 Rd7 27. Rd3 Rd8 28. Kh1 Re8 29. Nxd5 Nxd5 30. Rxd5 Qxe3 31. Qxe3 Rxe3 32. Rd8+ Kh7 33. Rd7 Re2 34. a4 b6 35. Rxf7 Rb2 36. Rxa7 Rxb3 37. Kh2 b5 38. axb5 Rxb5 39. g4 h5 40. Kg3 hxg4 41. hxg4 Kg8 42. f4 g6 43. Kf3 Rb4 44. Rd7 Kf8 45. g5 Ra4 46. Ke3 Rb4 47. Rd4 Rb1 48. Ke4 Re1+ 49. Kd5 Kf7 50. Kc6 Rc1+ 51. Kd7 Rc5 52. Kd6 Rf5 53. Rc4 Kg8 54. Ke7 Kg7 55. Ke6 Kg8 1/2-1/2